Komunikácia podniku v podmienkach hospodárskej krízy
Komunikácia je jeden z najdôležitejších procesov výmeny informácií v organizácii ako aj s jej okolím. V čase hospodárskej krízy sa spoločnosť snaží nastaviť a prispôsobiť komunikáciu (internú ako aj externú) konkrétnej situácii. Komunikácia musí byť účinná, nemali by vznikať komunikačné šumy a má sa...
Gespeichert in:
| 1. Verfasser: | |
|---|---|
| Format: | Buchkapitel |
| Sprache: | Slowakisch |
| Schlagworte: | |
| Tags: |
Keine Tags, Fügen Sie das erste Tag hinzu!
|
MARC
| LEADER | 00000nla a2200000 4500 | ||
|---|---|---|---|
| 001 | 0180829 | ||
| 005 | 20240502073107.0 | ||
| 041 | 0 | |a slo | |
| 044 | |a SK | ||
| 245 | 1 | 0 | |a Komunikácia podniku v podmienkach hospodárskej krízy |c Daniela Trnovcová |
| 520 | |a Komunikácia je jeden z najdôležitejších procesov výmeny informácií v organizácii ako aj s jej okolím. V čase hospodárskej krízy sa spoločnosť snaží nastaviť a prispôsobiť komunikáciu (internú ako aj externú) konkrétnej situácii. Komunikácia musí byť účinná, nemali by vznikať komunikačné šumy a má sa ňou dosiahnuť požadovaný cieľ a výsledky. | ||
| 610 | 2 | 0 | |a komunikácia firemná |
| 610 | 2 | 0 | |a komunikácia interná |
| 610 | 2 | 0 | |a komunikácia externá |
| 610 | 2 | 0 | |a zamestnanci |
| 610 | 2 | 0 | |a zamestnávatelia |
| 610 | 2 | 0 | |a podnik |
| 610 | 2 | 0 | |a kríza hospodárska |
| 100 | 1 | |a Trnovcová, Daniela | |